000 00370 a2200157 4500
001 186478
020 _a85-08-04714-2
040 _cMagnum
100 _aMachado, Ana Maria
240 1 0 _aO gato massamê e aquilo que ele vê
_lpor
245 1 0 _aO gato massamê e aquilo que ele vê
300 _a24
362 0 _a2002
697 _aLITERATURA INFANTIL
942 _cBK
999 _c186478
_d186478